000 00463nam a22001457a 4500
010 _aENG-138249
020 _c200.00
035 _aEN-121781
082 _a338.88
100 _aSethi, Ranbir Singh
_957482
245 _aManaging Cultural Diversity In Internationalization Of Business- A Study/
_cRajbir Singh Sethi
260 _aNew Delhi
_bMehram Publications Pvt. Ltd.
_c2010
300 _a112p.
_c22cm(hbk)
942 _2ddc
_h338.88
_mSet
_cEN
999 _c198560
_d198560